| 000 | 00450nam a2200181Ia 4500 | ||
|---|---|---|---|
| 001 | 1118 | ||
| 003 | IN-NITTTR | ||
| 005 | 20251114232908.0 | ||
| 008 | 251113s9999||||xx |||||||||||||| ||eng|| | ||
| 040 | _beng | ||
| 040 | _cIN-NITTTR | ||
| 041 | _aeng | ||
| 082 | _a671.23 M662E | ||
| 100 | _aMiner, Harvey D. | ||
| 245 | 0 |
_aExplorign patternmaking and foundry / _cMiner, Harvey D., Miller, John G. |
|
| 700 | _a Miller, John G. | ||
| 942 |
_2ddc _cBK |
||
| 999 |
_c1149 _d1149 |
||